Componentes que condicionan a los conglomerantes hidráulicos

में बचाया:
ग्रंथसूची विवरण
मुख्य लेखक: Fernández Paris, J.M
स्वरूप: पुस्तक
भाषा:Spanish
प्रकाशित: Madrid : INTEMAC, 1975
विषय:
टैग: टैग जोड़ें
कोई टैग नहीं, इस रिकॉर्ड को टैग करने वाले पहले व्यक्ति बनें!

MARC

LEADER 00000nam a2200000Ia 4500
003 001850
005 20221231143935.0
008 140114s1975 sp a 000 ||spa d
040 |c cru CEDI 
082 |2 693.5 F363c 
100 |a Fernández Paris, J.M.  |9 20846 
245 |a Componentes que condicionan a los conglomerantes hidráulicos  
260 |a Madrid : INTEMAC,  |c 1975 
300 |a 6 páginas  
500 |a Separata de la Revista Materiales de construcción, no, 159 
650 |x LOSAS DE HORMIGON ANALISIS  |x  ANALISIS  |x CEMENTO PORTLAND   |x CEMENTO - ADITIVOS  |9 20848 
942 |2 ddc  |c BK 
999 |c 14538  |d 14538